| 000 | 00689nam a2200217 i 4500 | ||
|---|---|---|---|
| 001 | 111625 | ||
| 003 | ES-MaACL | ||
| 005 | 20251124111836.0 | ||
| 007 | t| | ||
| 008 | 061121s1917 sp |||| | spa d | ||
| 080 | _a821.134.2(72)-14"18" | ||
| 100 | 1 |
_aNervo, Amado, _d1870-1919 _985404 |
|
| 245 | 1 | 0 |
_aElevación _b: (nuevos poemas) / _cAmado Nervo. |
| 260 |
_aMadrid : _b[s. n.], _c1917 ( _fTip. Artística) |
||
| 300 |
_a159 p. ; _c18 cm. |
||
| 530 | _aDisponible en formato digital. | ||
| 852 |
_aES-MaACL _jG-1902 _cDEPO2 |
||
| 856 | 4 |
_uhttp://bdh-rd.bne.es/viewer.vm?id=0000104870&page=1 _y(Biblioteca Digital Hispánica) |
|
| 942 | _2udc | ||
| 999 |
_c111625 _d111625 |
||